00666nam a2200193Ia 4500001000400000002005100004008003700055010001100092530002200103583001500125650006000140650005100200700005200251700004500303700004500348700004100393942001900434999001900453IA_EL MERCADO DE LOS EDULCORANTES EN MEXICO : SITUACI220117s xx 000 0 und d a183109 aDisponible en PDF a2 ej. imp. 0aEdulcorantesxIndustria y comerciozMéxico 9155253 0aSweetenersxIndustry and tradezMexico9155254 aAltamirano Cárdenas, J. Reyes, asesor9163676 aGarcía Carrera, Zulma, coaut. 9155255 aGarcía Chávez, Ramiro, dir. 9155256 aReyes Vigil, Miguel, asesor 9163677 cTESIS C45 2004 c183109d183109